Riešenie prípadových štúdií - efektívna súčasť pedagogicko-psychologickej prípravy učiteľov
Tvorba prípadových štúdií, v ktorých sa demonštruje skutočnosť, že do podoby prípadovej štúdie sa dá spracovať akýkoľvek námet resp. akákoľvek pedagogická situácia. Príklady prípadových štúdií využívaných v predmete psychológia.
Salvato in:
| Autore principale: | |
|---|---|
| Natura: | Capitolo di libro |
| Lingua: | slovacco |
| Soggetti: | |
| Tags: |
Nessun Tag, puoi essere il primo ad aggiungerne!!
|
MARC
| LEADER | 00000naa$a2200000$$$4500 | ||
|---|---|---|---|
| 001 | 0274752 | ||
| 005 | 20240502074320.0 | ||
| 041 | 0 | |a slo | |
| 044 | |a SK | ||
| 245 | 1 | 0 | |a Riešenie prípadových štúdií - efektívna súčasť pedagogicko-psychologickej prípravy učiteľov |c Zuzana Chmelárová |
| 520 | |a Tvorba prípadových štúdií, v ktorých sa demonštruje skutočnosť, že do podoby prípadovej štúdie sa dá spracovať akýkoľvek námet resp. akákoľvek pedagogická situácia. Príklady prípadových štúdií využívaných v predmete psychológia. | ||
| 610 | 2 | 0 | |a štúdie prípadové |
| 610 | 2 | 0 | |a pedagogika |
| 610 | 2 | 0 | |a psychológia |
| 610 | 2 | 0 | |a vyučovanie |
| 610 | 2 | 0 | |a učitelia |
| 100 | 1 | |a Chmelárová, Zuzana, 1967- | |